[Event "Rouen op"]
[Site "Rouen"]
[Date "2009.12.21"]
[Round "5"]
[White "Aknouche, Abdesslem"]
[Black "Gervais, Victor"]
[Result "0-1"]
[WhiteElo "1680"]
[BlackElo "2313"]
[PlyCount "70"]
[EventDate "2009.12.19"]
[EventType "swiss"]
[EventRounds "7"]
[EventCountry "FRA"]
[SourceTitle "EXT 2011"]
[Source "ChessBase"]
[SourceDate "2010.11.26"]
[SourceVersion "1"]
[SourceVersionDate "2010.11.26"]
[SourceQuality "1"]

1. d4 Nf6 2. Nf3 d6 3. e3 g6 4. c3 Nbd7 5. Nbd2 Bg7 6. e4 0-0 7. Be2 Re8 8. 0-0 e5 9. Qc2 exd4 10. cxd4 c5 11. d5 Nxd5 12. Nc4 Nb4 13. Qb3 Nf6 14. Ng5 Nxe4 15. Nxf7 Qe7 16. Nfxd6 Nxd6 17. Nxd6+ Be6 18. Qg3 Red8 19. Bf4 g5 20. Be5 Bxe5 21. Qxe5 Rxd6 22. Qxc5 Rd7 23. Qc3 Nc6 24. Rfe1 Qg7 25. Qe3 Bf7 26. Bf3 Re8 27. Qc5 Rxe1+ 28. Rxe1 Qf6 29. a3 Re7 30. Rd1 Qe5 31. Qc1 Nd4 32. Kf1 Nxf3 33. gxf3 h6 34. Re1 Qxe1+ 35. Qxe1 Bc4+ 0-1